| 000 | 01261cam a22003135i 4500 | ||
|---|---|---|---|
| 999 |
_c28112 _d28083 |
||
| 001 | 20342249 | ||
| 003 | EG-ScBUE | ||
| 005 | 20200216111656.0 | ||
| 008 | 180202s2018 enka f b 001 0 eng d | ||
| 020 | _a9781138895355 (paperback) | ||
| 040 |
_aDLC _beng _erda _cDLC _dDLC _dEG-ScBUE |
||
| 082 | 0 | 4 |
_a363.70526 _bGLO _222 |
| 245 | 0 | 0 |
_aGlobal environmental politics : _bconcepts, theories and case studies / _cedited by Gabriela Kütting and Kyle Herman. |
| 250 | _aSecond edition. | ||
| 264 | 1 |
_aAbingdon, Oxon ; _aNew York : _bRoutledge / Taylor & Francis Group, _c2018. |
|
| 300 |
_ax, 272 pages : _billustrations ; _c25 cm |
||
| 336 |
_atext _btxt _2rdacontent |
||
| 337 |
_aunmediated _bn _2rdamedia |
||
| 338 |
_avolume _bnc _2rdacarrier |
||
| 500 | _a"First edition published by Routledge 2011"--T.p. verso. | ||
| 504 | _aIncludes bibliographical references and index. | ||
| 650 | 7 |
_aEnvironmental policy _xInternational cooperation. _2BUEsh |
|
| 653 |
_bBUSBOL _cFebruary2020 |
||
| 700 | 1 |
_aKütting, Gabriela, _d1967- _eeditor. |
|
| 700 | 1 |
_aHerman, Kyle, _eeditor. |
|
| 942 |
_2ddc _cBB |
||